| 000 | 00823nam a2200253Ia 4500 | ||
|---|---|---|---|
| 005 | 20251020182432.0 | ||
| 008 | 200515s9999 xx 000 0 und d | ||
| 020 | _a84-8076-044-3 | ||
| 082 | _a348.773/B62/2 | ||
| 110 | _aBLUME | ||
| 245 | 0 | _aDiseño gráfico 2 | |
| 250 | _a1a ed. | ||
| 260 | _aBarcelona | ||
| 260 | _bBLUME | ||
| 260 | _c1994 | ||
| 300 | _a94 | ||
| 300 | _bil., graf. | ||
| 490 | _aBiblioteca del diseño gráfico | ||
| 500 | _a1 ejemplar. Tomo II | ||
| 520 | _aDescribe y conceptualiza la tarea del diseñador gráfico en la época actual, considera los elementos y las técnicas necesarias que hacen de esta profesión estimulante e imaginativa. Los dos tomos contienen una profusa cantidad de graf. que acompañan las ci | ||
| 650 | _aDISEÑO GRAFICO | ||
| 942 | _cLIB | ||
| 999 |
_c280 _d280 |
||